00847nam a2200205 a 4500008004100000020001500041050001800056100002200074245009000096260003600186300003100222350000900253500001900262650004600281650004000327650001400367995010900381999001700490952013400507100121s2007 ||||||||||||||||| || u a0849392624 aTS 155.63 Int aZurawski, Richard10aIntegration technologies for industrial automated systemscEdited by Richard Zurawski aLondon:bTaylor & Francisc2007 axix, various pagings: ill. a0.00 aIncludes Index aCOMPUTER INTEGRATED MANUFACTURING SYSTEMS aMANUFACTURING PROCESSES--AUTOMATION aCOMPUTERS D0.00FCBU-MAIN LIBRARY (Kitwe)H1I0.00M1UAVAILABLEWMar 10, 2010ZMain Library Open Access Collection c47166d47166 00102lcc4070a001b001cMain Library Open Access Collectiond2022-11-30l0oTS 155.63 Intp740931r2022-11-30w2022-11-30y002